Empowerment of women and girl child / (Record no. 7694)

MARC details
000 -LEADER
fixed length control field 00754nam a22002657a 4500
001 - CONTROL NUMBER
control field BD-DhSAU 7694
003 - CONTROL NUMBER IDENTIFIER
control field BD-DhSAU
005 - DATE AND TIME OF LATEST TRANSACTION
control field 20150528100656.0
008 - FIXED-LENGTH DATA ELEMENTS--GENERAL INFORMATION
fixed length control field 150528b2005 ii a||||r|||| 001 0 eng d
020 ## - INTERNATIONAL STANDARD BOOK NUMBER
International Standard Book Number 8126122153
040 ## - CATALOGING SOURCE
Original cataloging agency BD-DhSAU
082 ## - DEWEY DECIMAL CLASSIFICATION NUMBER
Edition number 22
Classification number 323.34
Item number BIE
100 ## - MAIN ENTRY--PERSONAL NAME
Personal name Bishnoi, Anupama
245 ## - TITLE STATEMENT
Title Empowerment of women and girl child /
Statement of responsibility, etc. Anupama Bishnoi, Manju Dahiya and Indu Grover.
260 ## - PUBLICATION, DISTRIBUTION, ETC. (IMPRINT)
Place of publication, distribution, etc. New Delhi :
Name of publisher, distributor, etc. Anmol Publications,
Date of publication, distribution, etc. c2005.
300 ## - PHYSICAL DESCRIPTION
Extent viii, 110 p. :
Other physical details ill. ;
Dimensions 24 cm.
504 ## - BIBLIOGRAPHY, ETC. NOTE
Bibliography, etc Includes index.
590 ## - Name of Cataloguer
Name of Cataloger joy
650 ## - SUBJECT ADDED ENTRY--TOPICAL TERM
Topical term or geographic name as entry element Women in development
Geographic subdivision India.
650 ## - SUBJECT ADDED ENTRY--TOPICAL TERM
Topical term or geographic name as entry element Women's rights
Geographic subdivision India.
650 ## - SUBJECT ADDED ENTRY--TOPICAL TERM
Topical term or geographic name as entry element Extension.
700 ## - ADDED ENTRY--PERSONAL NAME
Personal name Dahiya, Manju
700 ## - ADDED ENTRY--PERSONAL NAME
Personal name Grover, Indu
942 ## - ADDED ENTRY ELEMENTS (KOHA)
Source of classification or shelving scheme Dewey Decimal Classification
Koha item type Book
Holdings
Withdrawn status Lost status Source of classification or shelving scheme Damaged status Not for loan Collection code Home library Branch Name Shelving location Date acquired Total Checkouts Full call number Barcode Date last seen Price effective from Koha item type
    Dewey Decimal Classification   Not For Loan Reference SAU Library SAU Library Reference 28/05/2015   323.34 BIE 34206 28/05/2015 28/05/2015 Book